Quizzes
Events
Quiz Creation
Community
Videos
Private Events
Remove Ads
Sign In
Join for FREE
Feedback
Dark Mode
Quiz Categories
Sports
Geography
Music
Movies
Television
Just For Fun
Miscellaneous
History
Literature
Language
Science
Gaming
Entertainment
Religion
Holiday
For Kids
Quiz Lab
Recent
Popular Today
Quiz Kudos Today
Editor Picks
Curator Picks
Quizzes by...
Day
Popularity
Type
Ratings
Length
Year
Community
Subscriptions
Recent Discussions
Orange Saloon
Badges
Playlists
Quests
Create
Leaderboards
Showdown
Live 5
Trivia Bingo
Activity
Puzzle Library
Sporcle Events
Private Events
Virtual Trivia
Globe League
Become a Host
Pub Owners
SporcleCon
Opinionation
Our Games
Videos
Blog
Mobile Apps
Partnerships
Remove Ads and Go Orange
Feedback
Television
TV Characters
TV Show
Sitcom
Network
Friends
Reality Shows
Cast
South Park
Star Trek
The Simpsons
Doctor Who
Television
TV Characters
TV Show
Sitcom
Network
Friends
Reality Shows
Cast
South Park
Star Trek
The Simpsons
Doctor Who
Random Quiz
Search Sporcle
×
Quiz Lab
Quiz Lab
Television
Blitz
Type in answers that appear in a list
Type in answers that appear in a list
Classic
Best Score? Go Orange.
A-Z Blitz: Television Stats
Can you name the A-Z Blitz: Television?
By
Evil44
3m
26 Questions
518 Plays
518 Plays
518 Plays
Comments
Comments
Give Quiz Kudos
Give Quiz Kudos
-
- Ratings
hide this ad
More Info
Replay
Link that replays current quiz
Next Quiz
Link to next quiz in quiz playlist
You Got
0%
They Got
Avg Score
45%
Avg Friend Score
Upgrade to see
Score Distribution
Jump to the score distribution portion of the page
Score
0/26
Timer
03:00
0
Plays Today
Clue
Answer
% Correct
Main character from 'Friends'
Rachel
89.7%
One of the main 'South Park' kids
Kenny
85.9%
Series about the survivors of Oceanic Airlines Flight 815
Lost
83%
First name of a character from 'The Big Bang Theory'
Penny
75%
Warrior princess portrayed by Lucy Lawless
Xena
74.3%
Home country of Hadji Singh and the Koothrappalis
India
69.1%
Roseanne Conner's husband, or Dr. J.D. Dorian's brother
Dan
62.1%
A 'Real Housewives' location
New Jersey
60.2%
Main city setting of 'Boardwalk Empire'
Atlantic City
58%
Protagonist in 'Saved by the Bell'
Zack Morris
55.1%
A blue musical instrument from 'How I Met Your Mother'
French Horn
43.3%
A 'Simpsons' character
Otto Mann
43.3%
First name of a 'Heroes' character
Hiro
42.2%
Clue
Answer
% Correct
Elemental power of Kwame the Planeteer, or the subject of a 2006 documentary series narrated by Sigourney Weaver
Earth
38.1%
Series from 1976-
1983 that paved the way for the modern forensic pathology shows
Quincy M.E.
37.1%
Last name of a main character from 'Full House'
Gladstone
36.8%
Noble family from 'Game of Thrones'
Targaryen
34.8%
An 'Animaniac'
Yakko Warner
33.5%
Protagonist family in 'True Blood'
Stackhouse
32.7%
First name of Trans-
Am driving crime fighter, or Point Place's (Wisconsin) handsome idiot
Michael
30.8%
Element from Sheldon Cooper's song about the Periodic Table
Vanadium
23.8%
Series starring Robert Stack
Unsolved Mysteries
22.8%
Museum that employs Temperance 'Bones' Brennan
Jeffersonian
20.9%
One of the main kids from Phineas & Ferb
Baljeet
12.4%
Secret Service facility near Univille, South Dakota
Warehouse 13
11.4%
Primary setting for 'Spartacus: Blood and Sand'
Capua
5.6%
Quiz Playlist
Details
Report
Send in Message
Add To Playlist
More Info:
Each answer starts with the letter of the alphabet designated in the right-hand column.
Classic:
Type in answers that appear in a list
Last Updated: Jun 29, 2017
Quiz Scoreboard
CHALLENGE
Sign Up to Join the Scoreboard
Show All
Scores
Hide
Comments
May contain spoilers
Recently Published
College Basketball Coaching Resumes
by pancakes188
Sports
9m
Billboard Blitz: Fleetwood Mac
by CooCooCachoo
Music
15s
Presidents Visiting Landmarks
by Hejman
History
7m
More to Explore
Quiz From the Vault
Featured Blog Post
Where Did the Easter Bunny Come From?
hide this ad
You Might Also Like...
Tags
A Song of Ice and Fire Quiz
Blitz Quiz
Letter Quiz
TV Show Quiz
A-Z
Game of Thrones
Real Housewives
Simpson Characters
The Big Bang Theory
TV Quotes
TV Theme
Warehouse 13
Today's Top Quizzes in Television
Browse Television
hide this ad
Today's Top Quizzes in Blitz
Browse Blitz
Top Contributed Quizzes in Television
1
5-to-1: The Simpsons Families
2
5-to-1: Television Doctors
3
7-to-1: TV Show Settings
4
5-to-1: Streaming Originals
5
One Piece Logic Puzzle
6
Survivor Seasons
7
Survivor Logic Puzzle: Heroes vs. Villains
8
All US Survivor Seasons in Order
9
TV Shows by First Names
10
Survivor Season by Logo
Explore More
Trending Topics
Harry Potter
Kpop
Crossword
Disney
NBA
Marvel
Anime
NFL
WWE
Soccer
The Office
Pokémon
Song
Country
Puzzle
hide this ad
More By:
Evil44
Quiz
Plays
Rating
Category
Featured
Created
TV Character Catchphrases
98,736
4.24
Television
Oct 3, 2012
HIMYM: Who am I? (clickable)
17,918
4.53
Television
Feb 4, 2014
Follow the Line: HIMYM
12,190
4.28
Television
Jul 24, 2012
Follow That Line: The Big Bang Theory Season 2
10,080
4.53
Television
Jan 23, 2014
Follow That Line: The Big Bang Theory Season 4
8,484
4.42
Television
Jan 29, 2014
Go to Creator's Profile
Score Distribution
Quiz Creator Spotlight
Evil44
Follow
Send a Message
Quizzes Created
-
Created Quiz Play Count
-
More By This Creator
Popular Quizzes Today
1
Find the US States - No Outlines Minefield
2
Find the Countries of Europe - No Outlines Minefield
3
The Countries of the World
4
Find the US States
5
Risky Map Clicking: Biggest States A-Z
6
US States
7
Popular People in 1961
8
Movies - When Are They Set?
More Television Quizzes
The Simpsons: That's a Paddlin'
Published
Trending Quizzes
Risky Map Clicking: Least Populous States A-Z
1-10 Letter G Words
1-10 Letter F Words
Risky Map Clicking: Next State Alphabetically
Risky Map Clicking: Biggest States A-Z
Recently Updated
Leaping Animals
pecheneg
Reality TV Shows (A-Z)
bhenderson79
Rickey Henderson's Hall of Fame Teammates
pecheneg
Champions League XIs: Arsenal
pecheneg
Quick Pick: Celebrities in WWE's Hall of Fame
aduchscher
A-Z Keypad Blitz II
pecheneg
Multiple Oscar Actors
pecheneg
Mystery Phrase Blitz: Oscar 'Best Actors'
pecheneg
F. Scott Fitzgerald Novels
LTH
Pick 3 Villains
ddd62291
Trending Topics
Marvel
Harry Potter
Kpop
Disney
Crossword
NBA
Anime
The Office
Song
Country
WWE
Soccer
NFL
Puzzle
Pokémon
Your Account Isn't Verified!
In order to create a playlist on Sporcle, you need to verify the email address you used during registration. Go to your
Sporcle Settings
to finish the process.
Report this User
Report this user for behavior that violates our
Community Guidelines
.
Details:
Send Report
Go to the Sporcle.com Mobile Site →
Comments